Krátkodobé úrokové miery a dlhodobé úrokové miery bakalárska práca

Salvato in:
Dettagli Bibliografici
Autore principale: Pham Thi, Trang
Ente Autore: Fakulta podnikového manažmentu EU. Katedra podnikových financií
Altri autori: Kmeťko, Miroslav, 1969-
Natura: Libro
Lingua:slovacco
Pubblicazione: Bratislava 2021
Tags: Aggiungi Tag
Nessun Tag, puoi essere il primo ad aggiungerne!!

MARC

LEADER 00000nbm a2200000 4500
001 0275505
005 20211112141729.1
041 0 |a slo 
044 |a SK 
245 1 0 |a Krátkodobé úrokové miery a dlhodobé úrokové miery  |b bakalárska práca  |c Trang Pham Thi ; školiteľ: Miroslav Kmeťko 
264 1 |a Bratislava  |c 2021 
300 |a 51 s. 
100 1 |a Pham Thi, Trang 
700 1 |a Kmeťko, Miroslav, 1969- 
710 2 |a Fakulta podnikového manažmentu EU. Katedra podnikových financií